World's Best Countries at Judicial Independence, by Continent - Statistics

General Stats
  • This quiz has been taken 39 times
  • The average score is 16 of 25
Answer Stats
Answer % Correct
3 United States
97%
4 Sweden
94%
1 Canada
92%
1 Finland
92%
2 Norway
92%
2 Australia
86%
2 Japan
81%
1 New Zealand
81%
1 South Africa
81%
3 Singapore
78%
5 Ireland
67%
1 Israel
67%
3 Switzerland
67%
4 Malaysia
61%
5 Botswana
56%
3 Namibia
47%
3 UAE
47%
5 Brunei
44%
4 Costa Rica
44%
4 Qatar
44%
5 Jamaica
39%
2 Uruguay
39%
4 Mauritius
36%
2 Rwanda
22%
5 Saudi Arabia
19%
No matching quizzes found
Score Distribution
Percent of People with Each Score
Percentile by Number Answered
Your Score History
You have not taken this quiz